[Event "San Francisco Grey Memorial"]
[Site "San Francisco"]
[Date "2017.09.12"]
[Round "6"]
[White "Anderson, Michael Gene"]
[Black "Dupree, Charles"]
[Result "0-1"]
[WhiteElo "1908"]
[BlackElo "1605"]
[PlyCount "110"]
[EventDate "2017.08.08"]
[EventType "swiss"]
[EventRounds "9"]
[EventCountry "USA"]
[SourceTitle "EXT 2023"]
[Source "ChessBase"]
[SourceDate "2022.10.05"]
[SourceVersion "1"]
[SourceVersionDate "2022.10.05"]
[SourceQuality "1"]

1. e4 c5 2. d4 cxd4 3. c3 dxc3 4. Nxc3 a6 5. Bc4 e6 6. Nf3 Nc6 7. 0-0 Bc5 8. Qe2 Nge7 9. a3 b5 10. Ba2 0-0 11. b4 Nd4 12. Qd1 Nxf3+ 13. gxf3 Ba7 14. Bg5 d6 15. Qd2 Bb7 16. Rfd1 Rc8 17. Rac1 Bb8 18. Qe3 Qd7 19. Bh4 Nc6 20. Qg5 Bc7 21. Qg2 Bd8 22. Bg3 Be7 23. e5 d5 24. Ne4 Kh8 25. Bb1 f5 26. exf6 Bxf6 27. Nc5 Qf7 28. Qh3 g6 29. Qxe6 Nd4 30. Qxf7 Rxf7 31. Kg2 Ne2 32. Rc2 Nc3 33. Nxb7 Rxb7 34. Rxd5 Rf8 35. Ba2 Nxd5 36. Bxd5 Rd7 37. Be4 Rfd8 38. Rc6 Kg7 39. Rxa6 Bb2 40. Rb6 Bxa3 41. Be5+ Kg8 42. Rxb5 Rd2 43. Rb6 Bb2 44. Bf4 Bd4 45. Bxd2 Bxb6 46. Be3 Bxe3 47. fxe3 Rb8 48. Bd5+ Kf8 49. e4 Rxb4 50. h4 Ke7 51. Kg3 Kf6 52. f4 Rd4 53. Kg4 Rd3 54. e5+ Kg7 55. Be4 h5+ 0-1

[Event "San Francisco TNM Summer op"]
[Site "San Francisco"]
[Date "2017.07.11"]
[Round "7"]
[White "Anderson, Michael Gene"]
[Black "Kim, Isaiah T"]
[Result "0-1"]
[WhiteElo "1905"]
[BlackElo "1947"]
[PlyCount "60"]
[EventDate "2017.05.23"]
[EventType "swiss"]
[EventRounds "8"]
[EventCountry "USA"]
[SourceTitle "EXT 2023"]
[Source "ChessBase"]
[SourceDate "2022.10.05"]
[SourceVersion "1"]
[SourceVersionDate "2022.10.05"]
[SourceQuality "1"]

1. e4 c6 2. d4 d5 3. exd5 cxd5 4. Bd3 Nc6 5. c3 Qc7 6. f4 Nh6 7. Nf3 Bf5 8. 0-0 e6 9. a4 Bd6 10. Ne5 0-0 11. Na3 a6 12. Nc2 f6 13. Nxc6 bxc6 14. Bxf5 exf5 15. Qf3 Rfe8 16. Bd2 Re4 17. g3 Rae8 18. Rae1 Qf7 19. Ne3 Qg6 20. Kh1 Ng4 21. Ng2 Qf7 22. h3 Nh6 23. Re3 Qb7 24. Bc1 Qb3 25. Qd1 Qa2 26. Rfe1 a5 27. Qh5 R8e7 28. Nh4 Qa1 29. Ng2 Qxa4 30. Rxe4 fxe4 0-1

[Event "San Francisco TNM Summer op"]
[Site "San Francisco"]
[Date "2017.06.27"]
[Round "6"]
[White "Walder, Michael S"]
[Black "Anderson, Michael Gene"]
[Result "1/2-1/2"]
[WhiteElo "2001"]
[BlackElo "1905"]
[PlyCount "71"]
[EventDate "2017.05.23"]
[EventType "swiss"]
[EventRounds "8"]
[EventCountry "USA"]
[SourceTitle "EXT 2023"]
[Source "ChessBase"]
[SourceDate "2022.10.05"]
[SourceVersion "1"]
[SourceVersionDate "2022.10.05"]
[SourceQuality "1"]

1. e4 c5 2. Nf3 e6 3. d4 cxd4 4. Nxd4 a6 5. Bd3 g6 6. 0-0 Bg7 7. Nb3 d6 8. c4 Nd7 9. Nc3 Ngf6 10. Be2 Qc7 11. Bf4 e5 12. Be3 0-0 13. f3 b6 14. Qd2 Bb7 15. Rfd1 Ne8 16. Nd5 Bxd5 17. Qxd5 Rb8 18. Rac1 Kh8 19. c5 bxc5 20. Bxa6 Rb6 21. Bf1 Qa7 22. a3 Nc7 23. Qd3 Ne6 24. Nd2 Nd4 25. Nc4 Rc6 26. b4 Rb8 27. Bxd4 exd4 28. b5 Rc7 29. Qb3 Bf8 30. a4 Nb6 31. Ra1 Nxc4 32. Bxc4 Qa5 33. Bxf7 Rb6 34. Bc4 Bg7 35. Qd3 Ra7 36. Bb3 1/2-1/2

[Event "San Francisco TNM Spring op"]
[Site "San Francisco"]
[Date "2017.04.11"]
[Round "5"]
[White "Morgan, Jerry"]
[Black "Anderson, Michael Gene"]
[Result "0-1"]
[WhiteElo "1561"]
[BlackElo "1902"]
[PlyCount "84"]
[EventDate "2017.03.14"]
[EventType "swiss"]
[EventRounds "8"]
[EventCountry "USA"]
[SourceTitle "EXT 2023"]
[Source "ChessBase"]
[SourceDate "2022.10.05"]
[SourceVersion "1"]
[SourceVersionDate "2022.10.05"]
[SourceQuality "1"]

1. f4 b6 2. e4 Bb7 3. d3 g6 4. c3 Bg7 5. Qc2 c5 6. Na3 Nc6 7. Be2 Rc8 8. Bf3 e6 9. e5 Nge7 10. Nc4 0-0 11. Nd6 Rb8 12. g4 Ba8 13. h4 f6 14. exf6 Bxf6 15. Qh2 Qc7 16. Nb5 Qd8 17. Nd6 Nc8 18. Nxc8 Rxc8 19. g5 Bg7 20. h5 Ne7 21. Be4 d5 22. Bf3 Qd6 23. Bg4 d4 24. Nf3 dxc3 25. hxg6 hxg6 26. Qh7+ Kf7 27. Ne5+ Ke8 28. Qxg7 Bxh1 29. Qh6 Qd4 30. Qxh1 cxb2 31. Rb1 bxc1Q+ 32. Rxc1 Qxf4 33. Rc4 Qxe5+ 34. Qe4 Qa1+ 35. Bd1 Qxa2 36. Rc2 Qd5 37. Rc4 Rd8 38. Be2 Rf5 39. Ra4 a5 40. Qh4 Rxg5 41. d4 Rg1+ 42. Kf2 Qg2+ 0-1

[Event "San Francisco TNM Winter op"]
[Site "San Francisco"]
[Date "2016.01.26"]
[Round "4"]
[White "Anderson, Michael Gene"]
[Black "Kim, Isaiah T"]
[Result "1-0"]
[WhiteElo "1946"]
[BlackElo "1639"]
[PlyCount "47"]
[EventDate "2016.01.05"]
[EventType "swiss"]
[EventRounds "8"]
[EventCountry "USA"]
[SourceTitle "EXT 2018"]
[Source "ChessBase"]
[SourceDate "2017.10.13"]
[SourceVersion "1"]
[SourceVersionDate "2017.10.13"]
[SourceQuality "1"]

1. e4 c6 2. d4 d5 3. exd5 cxd5 4. Bd3 Nf6 5. c3 Bg4 6. Qb3 Qd7 7. Nd2 e6 8. Ngf3 Bd6 9. Ne5 Qc7 10. Nxg4 Nxg4 11. h3 Nf6 12. Nf3 Nbd7 13. 0-0 0-0 14. Qc2 a6 15. Bg5 b5 16. Ne5 h6 17. Nxd7 Nxd7 18. Bd2 Rac8 19. Rae1 b4 20. f4 bxc3 21. bxc3 Bb4 22. Rc1 Ba3 23. Rb1 Nb6 24. Qb3 1-0

[Event "San Francisco TNM Summer op"]
[Site "San Francisco"]
[Date "2015.06.09"]
[Round "3"]
[White "Anderson, Michael Gene"]
[Black "Sun, James"]
[Result "0-1"]
[WhiteElo "1991"]
[BlackElo "2081"]
[PlyCount "89"]
[EventDate "2015.05.26"]
[EventType "swiss"]
[EventRounds "8"]
[EventCountry "USA"]
[SourceTitle "EXT 2016"]
[Source "ChessBase"]
[SourceDate "2015.10.08"]
[SourceVersion "1"]
[SourceVersionDate "2015.10.08"]
[SourceQuality "1"]

1. e4 e6 2. d4 d5 3. Nc3 Nc6 4. Nf3 Nf6 5. e5 Nd7 6. Ng5 Bb4 7. a3 Ba5 8. f4 g6 9. Nf3 Ne7 10. b4 Bb6 11. Na4 a6 12. Nxb6 Nxb6 13. Bd3 Bd7 14. Bd2 Bb5 15. Qe2 Qd7 16. 0-0 h5 17. Ne1 Nf5 18. c3 Qc6 19. Nf3 Ke7 20. Rfc1 Bc4 21. Ne1 Qb5 22. Qf3 Bxd3 23. Nxd3 Nc4 24. Ra2 b6 25. Qe2 Qa4 26. Rb1 Kd7 27. Qd1 Qxd1+ 28. Rxd1 Kc6 29. a4 Kb7 30. Kf2 Rag8 31. Bc1 Kc6 32. Nb2 Ra8 33. Nxc4 dxc4 34. g3 Kd5 35. Kf3 Kc6 36. Ba3 Ne7 37. b5+ Kd7 38. Bxe7 Kxe7 39. Rb1 Ra7 40. bxa6 Rxa6 41. Rb4 Rha8 42. Rxc4 Kd7 43. Rb4 Kc6 44. c4 Ra5 45. Ke4 0-1

[Event "San Francisco TNM Summer op"]
[Site "San Francisco"]
[Date "2015.05.26"]
[Round "1"]
[White "Anderson, Michael Gene"]
[Black "Yamamoto, Craig"]
[Result "1-0"]
[WhiteElo "1991"]
[BlackElo "1518"]
[PlyCount "33"]
[EventDate "2015.05.26"]
[EventType "swiss"]
[EventRounds "8"]
[EventCountry "USA"]
[SourceTitle "EXT 2016"]
[Source "ChessBase"]
[SourceDate "2015.10.08"]
[SourceVersion "1"]
[SourceVersionDate "2015.10.08"]
[SourceQuality "1"]

1. e4 e5 2. Nf3 Nc6 3. d4 exd4 4. Nxd4 Nge7 5. Be3 g6 6. Nc3 Bg7 7. Bc4 a6 8. a4 b6 9. 0-0 0-0 10. f4 Na5 11. Be2 Bb7 12. f5 Nec6 13. Nd5 Nxd4 14. Bxd4 Bxd4+ 15. Qxd4 Nc6 16. Nf6+ Kh8 17. Qc3 1-0

[Event "San Francisco TNM Spring op"]
[Site "San Francisco"]
[Date "2015.04.07"]
[Round "4"]
[White "Gurovich, Roman"]
[Black "Anderson, Michael Gene"]
[Result "1-0"]
[WhiteElo "1603"]
[BlackElo "1900"]
[PlyCount "93"]
[EventDate "2015.03.17"]
[EventType "swiss"]
[EventRounds "8"]
[EventCountry "USA"]
[SourceTitle "EXT 2016"]
[Source "ChessBase"]
[SourceDate "2015.10.08"]
[SourceVersion "1"]
[SourceVersionDate "2015.10.08"]
[SourceQuality "1"]

1. d4 f5 2. g3 g6 3. Bg2 Bg7 4. Nf3 Nf6 5. Nc3 0-0 6. Bf4 d6 7. Qd3 c6 8. h3 Na6 9. Nd2 d5 10. Nb3 Nc7 11. Be5 Nce8 12. f4 Nd6 13. 0-0-0 a5 14. Nc5 b6 15. Bxf6 Bxf6 16. Nxd5 bxc5 17. Nxf6+ Rxf6 18. dxc5 Ba6 19. Qf3 Bb7 20. Qb3+ Kg7 21. cxd6 Rb8 22. dxe7 Qxe7 23. Rd2 c5 24. Rhd1 Rf7 25. Bc6 c4 26. Qxc4 Rc8 27. Qd4+ Kh6 28. Bxb7 Qxb7 29. g4 Rb8 30. c4 a4 31. g5+ Kh5 32. h4 Rc7 33. Rc2 Rbc8 34. e3 Qf3 35. b3 axb3 36. axb3 Re7 37. Re1 Rce8 38. Qd1 Qxd1+ 39. Kxd1 Rb7 40. Rc3 Reb8 41. Kc2 Kxh4 42. c5 Rc7 43. Kd3 Rb4 44. Ke2 Rc6 45. Rh1+ Kg3 46. Rcc1 Rxf4 47. Rcg1# 1-0

[Event "San Francisco TNM Fall op"]
[Site "San Francisco"]
[Date "2014.11.26"]
[Round "5"]
[White "Vickers, Keith"]
[Black "Anderson, Michael Gene"]
[Result "1-0"]
[WhiteElo "2200"]
[BlackElo "1992"]
[PlyCount "59"]
[EventDate "2014.10.21"]
[EventType "swiss"]
[EventRounds "8"]
[EventCountry "USA"]
[SourceTitle "EXT 2016"]
[Source "ChessBase"]
[SourceDate "2015.10.08"]
[SourceVersion "1"]
[SourceVersionDate "2015.10.08"]
[SourceQuality "1"]

1. d4 f5 2. Nf3 g6 3. Bf4 Nf6 4. e3 Bg7 5. h3 0-0 6. Nbd2 c6 7. c3 a5 8. a4 Na6 9. Bd3 Nc7 10. Qb3+ Kh8 11. g4 Ncd5 12. Bg3 e6 13. Bd6 Re8 14. e4 fxe4 15. Nxe4 Nxe4 16. Bxe4 Bf8 17. Be5+ Bg7 18. Bxd5 exd5 19. 0-0-0 d6 20. Bxg7+ Kxg7 21. Rde1 Rxe1+ 22. Rxe1 Qf6 23. Re3 Ra6 24. Qd1 b6 25. Qe2 Ra7 26. Re8 Ba6 27. Qe3 Rf7 28. Ng5 Rd7 29. Ne6+ Kf7 30. Rf8+ 1-0

[Event "San Francisco TNM Jay Whitehead op"]
[Site "San Francisco"]
[Date "2014.09.09"]
[Round "6"]
[White "Vickers, Keith"]
[Black "Anderson, Michael Gene"]
[Result "1-0"]
[WhiteElo "2200"]
[BlackElo "2006"]
[PlyCount "54"]
[EventDate "2014.08.05"]
[EventType "swiss"]
[EventRounds "9"]
[EventCountry "USA"]
[SourceTitle "EXT 2016"]
[Source "ChessBase"]
[SourceDate "2015.10.08"]
[SourceVersion "1"]
[SourceVersionDate "2015.10.08"]
[SourceQuality "1"]

1. d4 f5 2. Nc3 Nf6 3. Bg5 d5 4. Bxf6 exf6 5. e3 c6 6. Bd3 Be6 7. Qf3 g6 8. Nge2 Bd6 9. h4 h5 10. Nf4 Bf7 11. 0-0-0 Nd7 12. g3 Qa5 13. Kb1 0-0-0 14. Qe2 Rde8 15. Qd2 Kb8 16. a3 b5 17. Na2 Qb6 18. b4 Kc7 19. Nc1 Qa6 20. Kb2 Nb6 21. Nb3 Nc4+ 22. Bxc4 bxc4 23. Nc5 Bxc5 24. dxc5 Rb8 25. Qd4 c3+ 26. Qxc3 Rxb4+ 27. axb4 d4 1-0

[Event "San Francisco TNM Jay Whitehead op"]
[Site "San Francisco"]
[Date "2014.09.02"]
[Round "5"]
[White "Anderson, Michael Gene"]
[Black "Standen, Julian"]
[Result "1-0"]
[WhiteElo "2006"]
[BlackElo "1665"]
[PlyCount "53"]
[EventDate "2014.08.05"]
[EventType "swiss"]
[EventRounds "9"]
[EventCountry "USA"]
[SourceTitle "EXT 2016"]
[Source "ChessBase"]
[SourceDate "2015.10.08"]
[SourceVersion "1"]
[SourceVersionDate "2015.10.08"]
[SourceQuality "1"]

1. c4 c6 2. g3 Nf6 3. Bg2 e5 4. Nc3 d6 5. d3 Be7 6. Nf3 0-0 7. 0-0 Qc7 8. Bg5 Nbd7 9. Rc1 a5 10. a3 h6 11. Bd2 b6 12. Nh4 Re8 13. Nf5 Bb7 14. Nxe7+ Rxe7 15. e4 Rae8 16. b4 axb4 17. axb4 Ra8 18. Kh1 Ree8 19. f4 Ra3 20. f5 Rea8 21. g4 Qd8 22. g5 hxg5 23. Bxg5 Qf8 24. Rg1 Bc8 25. Bf3 c5 26. Nb5 Ra2 27. Bh6 1-0

[Event "San Francisco TNM Jay Whitehead op"]
[Site "San Francisco"]
[Date "2014.08.26"]
[Round "4"]
[White "Tsodikova, Natalia"]
[Black "Anderson, Michael Gene"]
[Result "1-0"]
[WhiteElo "2162"]
[BlackElo "2006"]
[PlyCount "95"]
[EventDate "2014.08.05"]
[EventType "swiss"]
[EventRounds "9"]
[EventCountry "USA"]
[SourceTitle "EXT 2016"]
[Source "ChessBase"]
[SourceDate "2015.10.08"]
[SourceVersion "1"]
[SourceVersionDate "2015.10.08"]
[SourceQuality "1"]

1. e4 c5 2. Nf3 e6 3. d3 g6 4. g3 Bg7 5. Bg2 Nc6 6. 0-0 Nge7 7. c3 0-0 8. Be3 d6 9. Qd2 Rb8 10. Bh6 Bd7 11. Bxg7 Kxg7 12. d4 Qc7 13. Rd1 Rfd8 14. Qe3 cxd4 15. Nxd4 Ne5 16. Na3 b5 17. f4 Ng4 18. Qe2 e5 19. h3 exd4 20. hxg4 dxc3 21. Rac1 b4 22. Nb1 Ba4 23. Re1 Qb6+ 24. Kh2 cxb2 25. Qxb2+ Kg8 26. Nd2 a5 27. Nc4 Qa7 28. Qf6 d5 29. Nd6 d4 30. Nxf7 h5 31. Ng5 Rf8 32. Qe6+ Kg7 33. Qe5+ Kh6 34. Rc7 Rb7 35. Qxe7 Rxc7 36. Qxf8+ Rg7 37. Qh8+ Rh7 38. Qxh7+ Qxh7 39. Nxh7 d3 40. Bf3 b3 41. axb3 Bxb3 42. Nf6 a4 43. Bd1 d2 44. Rg1 hxg4 45. Nxg4+ Kg7 46. Ne3 Kf6 47. Bxb3 axb3 48. Rb1 1-0

[Event "San Francisco TNM Jay Whitehead op"]
[Site "San Francisco"]
[Date "2014.08.14"]
[Round "2"]
[White "Wishard, Bruce"]
[Black "Anderson, Michael Gene"]
[Result "0-1"]
[WhiteElo "1412"]
[BlackElo "2006"]
[PlyCount "82"]
[EventDate "2014.08.05"]
[EventType "swiss"]
[EventRounds "9"]
[EventCountry "USA"]
[SourceTitle "EXT 2016"]
[Source "ChessBase"]
[SourceDate "2015.10.08"]
[SourceVersion "1"]
[SourceVersionDate "2015.10.08"]
[SourceQuality "1"]

1. e4 c5 2. Nf3 e6 3. Bb5 a6 4. Ba4 b5 5. Bb3 c4 6. Bxc4 bxc4 7. Nc3 Bb7 8. b3 cxb3 9. axb3 g6 10. 0-0 Bg7 11. Bb2 Ne7 12. d4 0-0 13. Na4 Bxe4 14. Nc5 Bxf3 15. Qxf3 d5 16. Nb7 Qc7 17. Nc5 a5 18. Qc3 Nbc6 19. Qe3 Nf5 20. Qd2 Ncxd4 21. Nd3 Qxc2 22. Qxc2 Nxc2 23. Bxg7 Kxg7 24. Ra2 Nb4 25. Rd2 Nxd3 26. Rxd3 Rfb8 27. h3 Rb4 28. g4 Nd4 29. Rb1 a4 30. Ra1 Nxb3 31. Ra3 Nc5 32. Rd1 Rb3 33. Rda1 Rab8 34. Rxb3 axb3 35. Rc1 b2 36. Rxc5 b1Q+ 37. Kg2 Qe4+ 38. f3 Rb2+ 39. Kg3 Qe1+ 40. Kf4 e5+ 41. Kg5 f6# 0-1

[Event "San Francisco TNM Winter op"]
[Site "San Francisco"]
[Date "2014.01.28"]
[Round "4"]
[White "Anderson, Michael Gene"]
[Black "Wong, Russell"]
[Result "1/2-1/2"]
[WhiteElo "1928"]
[BlackElo "2200"]
[PlyCount "47"]
[EventDate "2014.01.07"]
[EventType "swiss"]
[EventRounds "8"]
[EventCountry "USA"]
[SourceTitle "EXT 2016"]
[Source "ChessBase"]
[SourceDate "2015.10.08"]
[SourceVersion "1"]
[SourceVersionDate "2015.10.08"]
[SourceQuality "1"]

1. e4 Nf6 2. e5 Nd5 3. c4 Nb6 4. d4 d6 5. exd6 exd6 6. Nc3 Be7 7. Bd3 Nc6 8. Nge2 0-0 9. b3 Bg4 10. Qc2 g6 11. a3 Bf6 12. Be3 Bxe2 13. Nxe2 Bg7 14. Rc1 Re8 15. 0-0 Nd7 16. Be4 Nf6 17. Bf3 Qd7 18. h3 Re7 19. Ng3 Rae8 20. d5 Nd8 21. Bg5 Re5 22. Bf4 R5e7 23. Bg5 Re5 24. Bf4 1/2-1/2

[Event "San Francisco TNM Winter op"]
[Site "San Francisco"]
[Date "2014.01.21"]
[Round "3"]
[White "Anderson, Michael Gene"]
[Black "Drane, Robert W"]
[Result "1-0"]
[WhiteElo "1928"]
[BlackElo "1800"]
[PlyCount "79"]
[EventDate "2014.01.07"]
[EventType "swiss"]
[EventRounds "8"]
[EventCountry "USA"]
[SourceTitle "EXT 2016"]
[Source "ChessBase"]
[SourceDate "2015.10.08"]
[SourceVersion "1"]
[SourceVersionDate "2015.10.08"]
[SourceQuality "1"]

1. e4 Nf6 2. e5 Nd5 3. c4 Nb6 4. d4 d6 5. exd6 exd6 6. Nc3 Be7 7. Bd3 Nc6 8. Nge2 Bg4 9. f3 Bh5 10. 0-0 Bf6 11. Be3 Qe7 12. Bf2 Bg6 13. Nd5 Nxd5 14. cxd5 Nb8 15. Nf4 0-0 16. Nxg6 hxg6 17. Rc1 c6 18. Be4 Qd7 19. Qb3 Rc8 20. Bxg6 Rc7 21. Be4 Na6 22. dxc6 bxc6 23. Qa4 d5 24. Bd3 Nb8 25. Rfe1 a6 26. Re2 Raa7 27. Rce1 Rc8 28. Bg3 g6 29. Be5 Bxe5 30. Rxe5 Kg7 31. Qb3 Qd8 32. Qc2 Qf6 33. Qf2 Rd7 34. Qg3 Rcc7 35. f4 Re7 36. f5 c5 37. fxg6 fxg6 38. Rxe7+ Rxe7 39. Rxe7+ Qxe7 40. Qxg6+ 1-0

[Event "San Francisco TNM Winter op"]
[Site "San Francisco"]
[Date "2014.01.14"]
[Round "2"]
[White "Olson, David L"]
[Black "Anderson, Michael Gene"]
[Result "0-1"]
[WhiteElo "1415"]
[BlackElo "1928"]
[PlyCount "72"]
[EventDate "2014.01.07"]
[EventType "swiss"]
[EventRounds "8"]
[EventCountry "USA"]
[SourceTitle "EXT 2016"]
[Source "ChessBase"]
[SourceDate "2015.10.08"]
[SourceVersion "1"]
[SourceVersionDate "2015.10.08"]
[SourceQuality "1"]

1. e4 c5 2. Nf3 e6 3. d4 cxd4 4. Nxd4 a6 5. e5 Qa5+ 6. Nc3 Qxe5+ 7. Be2 Nf6 8. 0-0 Nc6 9. Nf3 Qc7 10. Bg5 Be7 11. Qd2 b5 12. Rad1 b4 13. Na4 Qa5 14. Bxf6 Bxf6 15. b3 0-0 16. Qd6 Be7 17. Qg3 d5 18. Bd3 Bd7 19. Ne5 Nxe5 20. Qxe5 Bf6 21. Qh5 g6 22. Qg4 Bxa4 23. bxa4 Qxa4 24. h4 h5 25. Qf4 Bg7 26. g4 e5 27. Qg5 e4 28. Be2 Qxc2 29. Rd2 Qc6 30. gxh5 d4 31. h6 Bf6 32. Qg4 d3 33. Bd1 Bc3 34. Ba4 Qxa4 35. Rfd1 Qc6 36. f4 f5 0-1